Biblioteca

From Guilt to Glory (Registro nro. 35092)

Detalles MARC
000 -LÍDER
Campo fijo de descripción fija 00723nam a22002537a 4500
001 - NÚMERO DE CONTROL
Campo de control 4501
003 - IDENTIFICADOR DEL NÚMERO DE CONTROL
Campo de control CO-MdFUSB
005 - FECHA Y HORA DE LA ULTIMA TRANSACCIÓN
control field 20180622073143.0
008 - ELEMENTOS DE LONGITUD FIJA -- INFORMACIÓN GENERAL
Campo fijo de descripción fija -- Información general 180306t1978 xxu||||| |||| 00| 0 eng d
020 ## - NÚMERO INTERNACIONAL NORMALIZADO PARA LIBROS
Número Internacional Normalizado del libro 0-8499-2826-5
040 ## - FUENTE DE CATALOGACIÓN
Agencia de catalogación original CO-MdFUSB
Idioma de catalogación spa
Agencia que realiza la transcripción CO-MdFUSB
Agencia que realiza la modificación CO-MdFUSBC
Convenciones de la descripción rda
041 0# - CÓDIGO DE IDIOMA
Código de idioma para texto/pista de sonido o título separado eng
082 04 - NÚMERO DE CLASIFICACIÓN DECIMAL DEWEY
Número de clasificación G 227.1 S812f
100 1# - ASIENTO PRINCIPAL--NOMBRE PERSONAL
Nombre personal Stedman, Ray C.
Término relacionador autor
245 #0 - TÍTULO
Título del Material From Guilt to Glory
Mención de responsabilidad, etc. / Ray C. Stedman
264 #4 - PRODUCCIÓN, PUBLICACIÓN, DISTRIBUCIÓN, MANUFACTURA, Y COPYRIGHT
Lugar de producción, publicación, distribución, manufactura Waco, TX., USA :
Nombre del productor, publicador, distribuidor Word,
Fecha de producción, publicación, distribución, manufactura, o copyright 1978
300 ## - DESCRIPCIÓN FÍSICA
Extensión 259 Pag
336 ## - TIPO DE CONTENIDO
Fuente rdacontent
Término de tipo de contenido texto
Código de tipo de contenido txt
337 ## - TIPO DE MEDIO
Fuente rdamedia
Nombre del tipo de medio sin mediación
Código del tipo de medio n
338 ## - TIPO DE SOPORTE
Fuente rdacarrier
Nombre del tipo de soporte volumen
Código Tipo de soporte nc
505 00 - NOTA DE CONTENIDO
Nota de contenido con formato preestablecido v.1 Romans 1-8 -- v-2 Romans 9-16
653 ## - TÉRMINO DE INDIZACIÓN - NO CONTROLADO
Término no controlado Sermones bíblicos N.T. - Romanos
942 ## - TIPO DE MATERIAL (KOHA)
Tipo de Item KOHA Libros General
Existencias
Estado de Material Estado de Perdido Forma de Clasificación Estado de Dañado No para Préstamo Colección Tomo Biblioteca de Origen Biblioteca Permanente Fecha de Adquisición Total de Préstamos Signatura Topográfica Código de Barras Última vez visto Ejemplar/Existencia Fecha de Remplazo Tipo de Material
    Dewey Decimal Classification     Colección General   Biblioteca FUSBC Biblioteca FUSBC 07/12/2004   G 227.1 S812f 14132 12/12/2019 Vol.2,ej.3 26/01/2016 Libros General
    Dewey Decimal Classification     Colección General   Biblioteca FUSBC Biblioteca FUSBC 07/12/2004   G 227.1 S812f 2356 12/12/2019 Vol.2,ej.2 26/01/2016 Libros General
    Dewey Decimal Classification     Colección General   Biblioteca FUSBC Biblioteca FUSBC 07/12/2004   G 227.1 S812f 2355 12/12/2019 Vol.2,ej.1 26/01/2016 Libros General
    Dewey Decimal Classification     Colección General   Biblioteca FUSBC Biblioteca FUSBC 07/12/2004   G 227.1 S812f 2354 12/12/2019 Vol.1,ej.2 26/01/2016 Libros General
    Dewey Decimal Classification     Colección General   Biblioteca FUSBC Biblioteca FUSBC 07/12/2004   G 227.1 S812f 2353 12/12/2019 Vol.1,ej.1 26/01/2016 Libros General
    Dewey Decimal Classification     Colección General   Biblioteca FUSBC Biblioteca FUSBC 07/12/2004   G 227.1 S812f 14324 12/12/2019 Vol.1,ej.3 26/01/2016 Libros General

Biblioteca FUSBC | Teléfono: (57+4) 349 88 10 Ext. 141| WhatsApp (+57) 3005338115 
E-mail: biblioteca@unisbc.edu.co | Calle 76 87-14 Robledo Palenque, Medellín, Colombia

Con tecnología Koha